000 00376nam a2200133Ia 4500
005 20260328101522.0
008 260328s9999||||xx |||||||||||||| ||und||
100 _aAquilino, Marie J.
245 0 _aBeyond shelter :
_b Architecture and Human dignity /
_cMarie J. Aquilino
260 _bMetropolis Books
300 _a303 p.
650 _aVIVIENDA DE INTERÉS SOCIAL
942 _cBK
999 _c9618
_d9618